000 00699nam a2200229 a 4500
008
020 _a9780831133917 (pbk.)
049 _aMAIN
090 _aQA39.3
_bSTR
100 1 _aStroud, K. A.
245 1 0 _aEssential mathematics for science and technology :
_ba self-learning guide /
_cK. A. Stroud with Dexter J. Booth.
260 _aNew York :
_bIndustrial Press,
_c2009.
300 _axxiv, 728 p. :
_bill. ;
_c25 cm.
500 _aIncludes index.
650 1 _aMathematics.
700 _aBooth, Dexter J.
907 _a.b10352934
_b04-12-14
_c04-12-14
003
005 20231012172726.0
040 _cNUST
942 _cBOOKS
_kQA39.3
_mSTR
_01
999 _c128360
_d128360